000 01329nam a2200289Ia 4500
999 _c53651
_d53651
001 20698
003 GE_BSU
005 20210305231422.0
008 181216s2008||||xx |||||||||||||| ||eng||
020 _a9780444527363
040 _cGE_BSU
041 _aeng
080 _a546+57 A-58
100 _aAniszewski, Tadeusz
_910351
245 _aAlkaloids - Secrets of Life :
_bAlkaloid Chemistry, Biological Significance, Applications and Ecological Role. /
_cTadeusz Aniszewski.
264 _aAmsterdam :
_bElsevier,
_c2007.
300 _a316 p. ;
_c25 cm.
541 _h808 Gel.
653 _aAlkaloids - Secrets of Life
653 _aAlkaloid Chemistry, Biological Significance, Applications and Ecological Role
653 _aАлкалоиды - секреты жизни
653 _a Химия алькалоида, биологическое значение, применение и экологическая роль
653 _aალკალოიდები - სიცოცხლის საიდუმლოებები
653 _a ალკალოიდური ქიმია, ბიოლოგიური მნიშვნელობა, აპლიკაციები და ეკოლოგიური როლი
653 _aქიმია
942 _cBK
_2udc